Papválasztás

Správa o voľbách farára v Zemplínskom Hradišti 9. februára 1902. Zvolený bol farár Ján (János) Sera

Podrobná bibliografia
Médium: Článok
Jazyk:Hungarian
Témy:
Zdroj: 1. Felsőmagyarországi Hirlap : Politikai Hirlap 1. Roč. 5, č.14 (15.02.1902), s. 4
LEADER 01007nab#a2200337#ar4500
001 000082113
003 SVKKK
005 20070327104153.0
008 060804c1901 xo e huno
FMT
038 |a SVKKK 
040 |a SVKKK  |b slo  |e AACR2 
041 0 |a hun 
044 |a xo  |c SK 
080 |a 284.2  |2 1997 
242 1 0 |a Voľby farára 
245 0 0 |a Papválasztás 
500 |a Popis z mikrofilmu 
520 2 |a Správa o voľbách farára v Zemplínskom Hradišti 9. februára 1902. Zvolený bol farár Ján (János) Sera 
600 1 4 |a Séra, Ján,  |d 18??-19??,  |x farár kalvínsky  |y Zemplínske Hradište, Snina (Slovensko)  |x pôsobenie 
650 0 4 |a voľba farára  |z Zemplínske Hradište  |y 9.02.1902 
773 0 |t Felsőmagyarországi Hirlap : Politikai Hirlap  |g Roč. 5, č.14 (15.02.1902), s. 4 
957 |a 709 
957 |a 811 
958 |a DG 
974 |a Ba 
992 |a RBX 
997 |a Hardicsa p. Zemplínske Hradište 
997 |a Senya p. Snina 
BAS
998 |a RETRO